Filmes que eu assisti em 2026 - Statistics

Estatísticas Gerais
  • Esse quiz foi jogado 13 vezes
    6 desde o último reset
  • A pontuação média é 9 de 48
Estatísticas das Respostas
Hint Resposta % Correto
Inédito A Empregada
67%
Inédito Como Mágica
50%
Inédito Agente Secreto
33%
Inédito Corra!
33%
Já visto Jumanji
33%
Inédito Project Hail Mary (Devoradores de Estrelas)
33%
Inédito Titanic
33%
Inédito 127 Horas
17%
Inédito A Praia
17%
Inédito Atlantis: O Reino Perdido
17%
Já visto A Viagem (Cloud Atlas)
17%
Inédito Clube da Luta
17%
Já visto Corcunda de Notre Dame
17%
Inédito Corcunda de Notre Dame 2
17%
Inédito Diamante de Sangue
17%
Inédito Django Livre
17%
Inédito Efeito Borboleta
17%
Inédito Era uma Vez em... Hollywood
17%
Já Visto Família Mitchell e a Revolta das Máquinas
17%
Inédito Fantástico Sr. Raposo
17%
Inédito Fragmentado
17%
Já visto Frozen: Uma Aventura Congelante
17%
Inédito GOAT (Um Cabra Bom de Bola)
17%
Inédito Grande Hotel Budapeste
17%
Inédito Homem-Aranha: No Aranhaverso
17%
Inédito Homem da Máscara de Ferro
17%
Inédito Homem que Mudou o Jogo
17%
Inédito Hoppers (Cara de um, focinho de outro)
17%
Inédito Kill Bill: Vol. 1
17%
Inédito Laranja Mecânica
17%
Inédito Linha de Passe
17%
Inédito Malcolm X
17%
Inédito Marty Supreme
17%
Inédito Não Olhe para Cima
17%
Inédito Noiva Cadáver
17%
Inédito Nosso Sonho
17%
Já visto Nu
17%
Inédito O Regresso
17%
Inédito Pecadores
17%
Inédito Prenda-me se for Capaz
17%
Já visto Relatos Selvagens
17%
Inédito Taxi Driver
17%
Inédito Tô Ryca
17%
Inédito Uma Batalha Após a Outra
17%
Inédito Whiplash
17%
Já visto Yesterday
17%
Inédito Avatar: Fogo e Cinzas
0%
Inédito Curioso Caso de Benjamin Button
0%
Nenhum quiz correspondente encontrado
Distribuição das Pontuações
Porcentagem de Pessoas com Cada Pontuação
Percentil de Números Respondidos
Sua Pontuação Histórica
Você não jogou esse quiz desde o último reset